000
00251nam a22001217a 4500
008
170327b xxu||||| |||| 00| 0 eng d
041
_a
eng
080
_a
616.9
100
_a
8
101
_a
shm
245
_a
AIDS MEDICINE
_c
BRODER, S
942
_2
udc
_c
BK
999
_c
8660
_d
8660